000 00949nas a2200313 4500
001 BR0504843
003 BR-BrBNA
005 20231205105652.0
007 ta
008 230509b bl.|||p| |||| 00| 00por d
040 _aBR-BrBNA
_bpor
_cBiblioteca Nacional de Agricultura
041 _a(Pt)
072 _aH60
100 1 _aGazziero, D.L.P.
100 1 _aBrighenti, A.M.
100 1 _aVoll, E.
100 1 _aPrete, C.E.C.
100 1 _aSumiya, M.
100 1 _aKajihara, L.
245 1 _aVariabilidade no grau de resistência de capim-marmelada (Brachiaria plantaginea)aos herbicidas clethodim, tepraloxydim e sethoxydim
650 _aPAPUÃ
650 _aESTUFA
650 _aSOJA
650 _aRESISTÊNCIA A PRODUTOS QUÍMICOS
650 _aHERBICIDA
773 0 _tPlanta Daninha (Brazil)
_xISSN 0100-8358
_g(Jul-Sep 2004), v. 22(3) p. 397-402
_wBR0504843
909 _a202311
_bLúcia
_c55
_dLúcia Elande
942 _2AGRIS
_n0
_cANA
999 _c184059
_d184059